000 00792nam a2200241Ia 4500
003 OSt
005 20220923224945.0
006 a|||||r|||| 00| 0
007 ta
008 220922b |||||||| |||| 00| 0 hin d
024 _a254,279
037 _cTextual
040 _aARTS
_cARTS
_bhin
041 _2hin
_ahin
082 _aO152,6:g, N1
100 _aसिंहल, ओमप्रकाश
245 0 _aहिन्दी गद्य साहित्य में प्रकृति चित्रण
246 _aHindī gadya sāhitya mean prakṛuti chitraṇa
260 _c1991
650 _aहिन्दी साहित्य
_9156264
942 _hO152,6:g, N1
_cTEXL
_2CC
999 _c374979
_d374979